Представление документа в формате RUSMARC

ПолеНазваниеЗначение
  Тип записи a
  Библиографический уровень a
001 Контрольный номер dd2f7a0fa54b4892a7bc3732b7c782d7
005 Дата корректировки 20250422142910.6
100 Данные общей обработки __
a Данные общей обработки 20250422 ||| 0rusy0189 ca
101 Язык документа 0_
a Язык текста rus
102 Страна публикации __
a Страна публикации RU
200 Заглавие и сведения об ответственности 1_
a Заглавие Морская корова
e Сведения, относящиеся к заглавию [о жизни и повадках исчезнувших морских коров]
f Первые сведения об ответственности Д. Торубаров
461 Уровень набора _0
1 2000
a Мурзилка
463 Уровень физической единицы _0
1 2000
b Текст
a № 4
v С. 29 : фот.
1 2101
d 2025
1 001ded4c7d36db0497bb20c098082b9287d
606 Тематические рубрики 0_
a Основная рубрика Млекопитающие. Териология
610 Ключевые слова 0_
a Ключевые слова морские коровы, исчезнувшие виды, истребление животных, тюленевые, отряд сиреновых, морские млекопитающие, стеллеровы коровы, капустницы (морские коровы), ламантины, истреблённые животные, повадки морских коров
686 Индексы других классификаций __
a Классификационный индекс 28.693.36
700 Автор _1
a Фамилия Торубаров
b Имя (инициалы) Д.
g Полное личное имя Дмитрий
801 Источник записи _0
a Страна RU
b Организация УОБДЮ
c Дата составления 20250422
g Правила каталогизации RCR
801 Источник записи _1
a Страна RU
b Организация УОБДЮ
c Дата составления 20250422
g Правила каталогизации RCR
901 Тип документа __
t Тип документа b
w Контрольный № источника ded4c7d36db0497bb20c098082b9287d
905 Данные по созданию БЗ __
b Логин пользователя, который создал БЗ ibo10